Na železnici patří i rychloobrátkové zboží

Pri realizácii prepravy rýchloobrátkového tovaru máloktorý logistický manažér volí železničnú prepravu, pretože má povesť pomalého dopravného prostriedku. Aj napriek tomu sú v Českej republike firmy, ktoré na prepravu rýchloobrátkového tovaru pravideľne využívajú železničnú dopravu. Príklad Karlovar...

Full description

Saved in:
Bibliographic Details
Main Author: Kolář, Vojtěch
Format: Book Chapter
Language:Czech
Subjects:
Tags: Add Tag
No Tags, Be the first to tag this record!

MARC

LEADER 00000naa a2200000 4500
001 0210147
005 20231211081213.1
041 0 |a cze 
044 |a CZ 
245 1 0 |a Na železnici patří i rychloobrátkové zboží  |c Vojtěch Kolář 
520 |a Pri realizácii prepravy rýchloobrátkového tovaru máloktorý logistický manažér volí železničnú prepravu, pretože má povesť pomalého dopravného prostriedku. Aj napriek tomu sú v Českej republike firmy, ktoré na prepravu rýchloobrátkového tovaru pravideľne využívajú železničnú dopravu. Príklad Karlovarských minerálnych vôd. Náročnosť realizácie prepravy. Využívanie kombinovanej dopravy. 
610 2 0 |a doprava železničná nákladná 
610 2 0 |a doprava cestná nákladná 
610 2 0 |a doprava kombinovaná 
610 2 0 |a tovar spotrebný 
610 2 0 |a potraviny 
610 2 0 |a nápoje nealkoholické 
610 2 0 |a voda minerálna 
610 2 0 |a tovar drogeristický 
610 2 0 |a elektronika 
610 2 0 |a Česko 
100 1 |a Kolář, Vojtěch